LEADER 00957nam0-22003251i-450- 001 990002522520403321 010 $a3110041502 035 $a000252252 035 $aFED01000252252 035 $a(Aleph)000252252FED01 035 $a000252252 100 $a20000920d1983----km-y0itay50------ba 101 0 $aENG 200 1 $aHolomorphic Functions of Several Variables$fLudger Kaup , Burchard Kaup. 210 $aBerlin$cWalter de Gruyter$d1983. 215 $axiii, 349 p.$d24 cm 225 1 $aStudies in mathematics$v3 610 0 $aAnalisi complessa$aFunzioni di pił variabili complesse 676 $a515 700 1$aKaup,$bLudger$0102741 702 1$aKaup,$bBurchard 801 0$aIT$bUNINA$gRICA$2UNIMARC 901 $aBK 912 $a990002522520403321 952 $aMXIII-B-18$b1360$fMAS 952 $aMXIII-B-43$b570$fMAS 959 $aMAS 996 $aHolomorphic Functions of Several Variables$9439330 997 $aUNINA DB $aING01